banner-ar

LOGOS ISLAMIKOS: STUDIA ISLAMICA IN HONOREN GEORGII MICHAELIS WICKENS / (Record no. 14234)

MARC details
000 -الفاتح
حقل البيانات ثابتة الطول 00648nam a2200205Ia 4500
008 - عناصر البيانات ثابتة الطول - معلومات عامة
حقل البيانات ثابتة الطول 140319s9999 xx 000 0 eng d
040 ## - مصدر الفهرسة
وكالة الفهرسة الأصلية GCL /
وكالة النسخ GCL
082 04 - رقم تصنيف ديوى العشرى
رقم التصنيف 492.7
رقم المادة S L
100 1# - المدخل الرئيسى - إسم شخصى
الإسم الشخصى SAVORY, ROGER M
245 10 - بيان العنوان
العنوان LOGOS ISLAMIKOS: STUDIA ISLAMICA IN HONOREN GEORGII MICHAELIS WICKENS /
بيان المسئوليه,etc SAVORY, ROGER M
700 1# - المدخل الاضافى - اسم شخصى
الإسم الشخصى AGIUS, DIONISIUS A
260 ## - PUBLICATION, DISTRIBUTION, ETC. (IMPRINT)
تاريخ النشر أو التوزيع 1984
300 ## - الوصف المادى
التعداد 351 P
650 04 - المدخل الاضافى بالموضوع-مصطلح موضوعى
مصطلح موضوعي WICKENS, G.M - 1918
650 04 - المدخل الاضافى بالموضوع-مصطلح موضوعى
مصطلح موضوعي ARABIC PHILOSOPHY - LECTURES
650 04 - المدخل الاضافى بالموضوع-مصطلح موضوعى
مصطلح موضوعي PERSIAN PHILOLOGY - LECTURES
650 04 - المدخل الاضافى بالموضوع-مصطلح موضوعى
مصطلح موضوعي CIVILIZATION ISLAMIC - LECTURE
942 ## - عناصر المدخل الإضافي( كوها)
مصدر التصنيف او مخطط الترفيف Dewey Decimal Classification
Koha [default] item type كتاب
260 ## - PUBLICATION, DISTRIBUTION, ETC. (IMPRINT)
-- [S.N] :
-- PONTIFICAL INSTITUTE OF MEDIAEVAL STUDIE ،
Holdings
حالة التراجع حالة الفقد حالة تلف ليس للاعارة المكان المؤقت الموقع الحالى تاريخ الاكتساب اجمالي اﻻعارات رقم الطلب الباركود تاريخ اخر مشاهدة تاريخ تفعيل السعر نوع وعاء كوها
        مكتبة القاهرة الكبرى مكتبة القاهرة الكبرى 03/26/2014   492.7\S L 26736 03/26/2014 03/26/2014 كتاب

Powered By

EGPV